| 000 | 00498nam a2200169Ia 4500 | ||
|---|---|---|---|
| 999 |
_c7428 _d7428 |
||
| 003 | OSt | ||
| 005 | 20200514110950.0 | ||
| 008 | 190216s9999||||xx |||||||||||||| ||und|| | ||
| 040 | _coclc | ||
| 082 |
_a338.7 _bJOS/B |
||
| 100 |
_aJoshi, Rosy _91110 |
||
| 245 | 0 |
_aBusiness Environment / _cRosy Joshi; Sangam Kapoor |
|
| 260 |
_bKalyani Pub, _aNew Delhi: _c2007. |
||
| 300 | _a324p | ||
| 650 | 0 |
_aSocial sciences _vEconomics _91086 |
|
| 942 |
_cBK _2ddc _h338.7 _iJOS/B _k338.7 _mJOS/B |
||